000 00351 a2200157 4500
001 50054
020 _a8526249568
040 _cAnchieta - Bela Vista
100 _aMachado, Nílson José
240 1 0 _aContando de um a dez
_lpor
245 1 0 _aContando de um a dez
300 _a24
362 0 _a2003
650 4 _aLiteratura infantil
942 _cBK
999 _c50054
_d50054